| 000 | 00000nas 2200000za 4500 |
| 001 | 9.500835 |
| 003 | CaOODSP |
| 005 | 20221107132921 |
| 007 | cr ||||||||||| |
| 008 | 150406d19982000onc x m o||||f0 |0fre|d |
| 040 | |aCaOODSP|bfre |
| 043 | |an-cn--- |
| 086 | 1 |aA22F-PDF |
| 245 | 00|aSérie sur les études de marchés |h[ressource électronique] |
| 260 | |a[Ottawa] : |bAgriculture et Agroalimentaire Canada, |c1998-[2000?] |
| 310 | |aIrrégulier |
| 500 | |aPublié aussi en français sous le titre: Série sur les études de marchés. |
| 691 | 07|aIndustrie agro-alimentaire|2gcpds |
| 691 | 07|aNégociations commerciales|2gcpds |
| 710 | 1 |aCanada. |bAgriculture et agroalimentaire Canada. |bDirection générale des services à l'industrie et aux marchés. |
| 775 | 08|tTrade research series |w(CaOODSP)9.504410 |
| 776 | 0#|tSérie sur les études de marchés |w(CaOODSP)9.512826 |